LEADER 01360nam0 22003011i 450 001 UON00042990 005 20231205102154.250 100 $a20020107d1980 |0itac50 ba 101 $ager 102 $aCH 105 $a|||| 1|||| 200 1 $aGenien und krieger aus Nimrud neuassyrische reliefs Assurnasirpals 2. und Tiglat-Pilesars 3. / Julia M. Asher-Greve , Gebhard J. Selz 210 $aZurich$cUniversitat Zurich$d1980 215 $a61 p., 17 p. di tav.$d22 cm 410 1$1001UON00042989$12001 $aZurcher archaologische$v4 606 $aSCULTURA ASSIRA$xNIMRUD$3UONC012808$2FI 606 $aICONOGRAFIA ASSIRA$xASHURNASIRPAL II$3UONC014737$2FI 606 $aICONOGRAFIA ASSIRA$xTIGLATH PILESER III$3UONC014738$2FI 620 $aCH$dZürich$3UONL003145 686 $aMES IX C$cMESOPOTAMIA - ARTI - SCULTURA$2A 700 1$aASHER-GREVE$bJulia M.$3UONV024484$0647322 701 1$aSELZ$bGebhard J.$3UONV027287$0648537 801 $aIT$bSOL$c20240220$gRICA 899 $aSIBA - SISTEMA BIBLIOTECARIO DI ATENEO$2UONSI 912 $aUON00042990 950 $aSIBA - SISTEMA BIBLIOTECARIO DI ATENEO$dSI MES IX C 013 $eSI SA 34901 6 013 996 $aGenien und krieger aus Nimrud neuassyrische reliefs Assurnasirpals 2. und Tiglat-Pilesars 3.$93895511 997 $aUNIOR LEADER 02965nam0 22005893i 450 001 RAV0040320 005 20251003044320.0 010 $a8806928902 020 $aIT$b7911593 100 $a19890322d1979 ||||0itac50 ba 101 | $aita$cita 102 $ait 105 $a|||| |||c| 181 1$6z01$ai $bxxxe 182 1$6z01$an 183 1$6z01$anc$2RDAcarrier 200 1 $aˆLe ‰origini ideologiche della rivoluzione cinese$fEnrica Collotti Pischel 210 $aTorino$cEinaudi$d1979 215 $aXXVI, 410 p.$d19 cm 225 | $aPiccola biblioteca Einaudi$v368 410 0$1001CFI0010621$12001 $aPiccola biblioteca Einaudi$v368 500 10$aˆLe ‰origini ideologiche della rivoluzione cinese$3UBO4843197$9CFIV055852$965730 606 $aRivoluzione cinese$2FIR$3SBLC012715$9E 676 $a335.430951$9Comunismo. Sistemi nazionali. Cina$v12 676 $a951$9Cina. Storia$v11 676 $a951$9CINA E AREE LIMITROFE$v14 676 $a951$9$v18 676 $a951$9STORIA DELLA CINA E REGIONI LIMITROFE$v19 676 $a951$9STORIA. CINA E REGIONI ADIACENTI$v21 676 $a951$9Storia della Cina$v22 676 $a951.056$9STORIA DELLA CINA, 1960-1969$v20 686 $aCN/342.0$cPOLITICA E CULTURA REPUBBLICA POPOLARE CINESE 1945-1968$2R 686 $aCN/342.5$cPARTITI E MOVIMENTI POLITICI REPUBBLICA POPOLARE CINESE 1945-1968$2R 686 $aCN/X4.0$cSTORIE GENERALI CINA$2R 700 1$aCollotti Pischel$b, Enrica$3CFIV055852$4070$083281 790 1$aRidolfi$b, Silvia$3RT1V039277$zCollotti Pischel, Enrica 790 1$aPischel$b, Enrica$3SBNV001919$zCollotti Pischel, Enrica 801 3$aIT$bIT-000000$c19890322 850 $aIT-BN0095 $aIT-NA0602 $aIT-NA0614 $aIT-AV0001 $aIT-AV0003 $aIT-AV0007 $aIT-AV0036 $aIT-NA0079 $aIT-AV0004 $aIT-BN0015 901 $bNAP 07$cALBERTI $nSezione unica della Biblioteca del Liceo scientifico L.B. Alberti 901 $bNAP 16$cBIBLIOTECA$nComprende materiale librario e multimediale di vario argomento 901 $bNAP AL$cVILLANI $n$ 901 $bNAP AV$cSEZ. M $nSezione Moderna 901 $bNAP DV$cS. MODERNA$n$ 901 $bNAP 01$cPOZZO LIB.$nVi sono collocati fondi di economia, periodici di ingegneria e scienze, periodici di economia e statistica e altri fondi comprendenti documenti di economia pervenuti in dono. 901 $bNAP AR$cP. CICCONE$nDONAZIONE 901 $bNAP BG$cVEDOVATO $nDonazione Giuseppe Vedovato 912 $aRAV0040320 950 0$aBiblioteca Centralizzata di Ateneo$c1 v.$d 01POZZO LIB.ECON MON 7880$e 0101 0000109535E VMA 1 v. (Precedente collocazione: GUERRAZZI A 389)$fB $h20091214$i20091214 977 $a 01$a 07$a 16$a AL$a AR$a AV$a BG$a BN$a DV$a PB 996 $aOrigini ideologiche della rivoluzione cinese$965730 997 $aUNISANNIO